[Event "Bremen Silvester op"]
[Site "Bremen"]
[Date "2017.12.27"]
[Round "2"]
[White "Wemssen, Lothar"]
[Black "Hoffmann, Lukas"]
[Result "0-1"]
[WhiteElo "1981"]
[BlackElo "2276"]
[PlyCount "162"]
[EventDate "2017.12.27"]
[EventType "swiss"]
[EventRounds "7"]
[EventCountry "GER"]
[SourceTitle "CBM 182 Extra"]
[Source "ChessBase"]
[SourceDate "2018.02.23"]
[SourceVersion "1"]
[SourceVersionDate "2018.02.23"]
[SourceQuality "1"]

1. Nf3 d5 2. d4 Nf6 3. c4 dxc4 4. Qa4+ c6 5. Qxc4 Bf5 6. Nc3 e6 7. Qb3 Qb6 8. Qxb6 axb6 9. Nh4 Bc2 10. Bd2 h6 11. Rc1 Bh7 12. Nf3 Nbd7 13. e3 Bd6 14. Be2 0-0 15. 0-0 b5 16. a3 Nd5 17. Nxd5 exd5 18. Ne1 Nb6 19. Bd3 Nc4 20. Bxh7+ Kxh7 21. Bc3 f5 22. Nd3 Rfe8 23. Rfe1 g5 24. Rc2 Kg6 25. g3 Re7 26. Bb4 Bxb4 27. axb4 Kf6 28. Rcc1 Ree8 29. Ra1 Ke7 30. Kg2 Kd6 31. Rxa8 Rxa8 32. h3 Ra2 33. Rb1 Ke7 34. Kg1 Kf6 35. Kg2 Ke7 36. Kg1 Kf7 37. Kg2 Kf6 38. Kg1 Nd2 39. Rd1 Nc4 40. Rb1 Nd6 41. Nc1 Ra7 42. Nd3 Ne4 43. Kg2 Ke6 44. Kg1 Ke7 45. Kg2 Kf6 46. Kg1 Ke7 47. Kg2 Kd6 48. Kg1 Nd2 49. Rd1 Nb3 50. Kg2 Ra2 51. Kg1 Ra4 52. Kg2 b6 53. Rh1 c5 54. bxc5+ bxc5 55. dxc5+ Nxc5 56. Nxc5 Kxc5 57. Kf3 h5 58. Ke2 Ra2 59. Rc1+ Kb4 60. Rc2 Kb3 61. Kd3 Rxb2 62. Rc5 b4 63. f4 gxf4 64. gxf4 Rb1 65. Kd2 Rh1 66. Rxd5 Kc4 67. Rd4+ Kc5 68. Rd8 Rxh3 69. Rc8+ Kd5 70. Kd3 Rh1 71. Rb8 Kc5 72. Rc8+ Kb5 73. Rb8+ Ka4 74. Ra8+ Kb5 75. Rb8+ Kc5 76. Rc8+ Kd6 77. Rb8 h4 78. Rxb4 h3 79. Rb6+ Kc5 80. Rh6 h2 81. Ke2 Ra1 0-1

[Event "Hannover Bezirk-ch C"]
[Site "Lehrte"]
[Date "2017.10.31"]
[Round "7.3"]
[White "Hoffmann, Lukas"]
[Black "Schulz, Daniel"]
[Result "1/2-1/2"]
[WhiteElo "2297"]
[BlackElo "1976"]
[PlyCount "76"]
[EventDate "2017.10.28"]
[EventType "swiss"]
[EventRounds "7"]
[EventCountry "GER"]
[SourceTitle "EXT 2022"]
[Source "ChessBase"]
[SourceDate "2021.10.06"]
[SourceVersion "1"]
[SourceVersionDate "2021.10.06"]
[SourceQuality "1"]

1. Nf3 Nf6 2. c4 b6 3. g3 Bb7 4. Bg2 e6 5. 0-0 Be7 6. d4 0-0 7. d5 exd5 8. Nh4 c6 9. cxd5 Nxd5 10. Nf5 Nc7 11. Nc3 d5 12. e4 Re8 13. exd5 Nxd5 14. Nxd5 cxd5 15. Ne3 Na6 16. Nxd5 Nb4 17. Nxb4 Bxg2 18. Kxg2 Qxd1 19. Rxd1 Bxb4 20. Be3 Rac8 21. Rac1 Rxc1 22. Rxc1 Bd6 23. Rd1 Rd8 24. Bf4 Bc7 25. Rxd8+ Bxd8 26. Kf3 f5 27. Bb8 a6 28. Kf4 g6 29. Ke5 Kf7 30. Kd5 b5 31. Bd6 h5 32. b4 h4 33. gxh4 Bxh4 34. Bc5 Bd8 35. Kd6 Bf6 36. Kd5 Bd8 37. Bd6 Bh4 38. Bc5 Bd8 1/2-1/2

[Event "Hannover Bezirk-ch C"]
[Site "Lehrte"]
[Date "2017.10.29"]
[Round "4.3"]
[White "Rossberg, Jonathan"]
[Black "Hoffmann, Lukas"]
[Result "1/2-1/2"]
[WhiteElo "1836"]
[BlackElo "2297"]
[PlyCount "34"]
[EventDate "2017.10.28"]
[EventType "swiss"]
[EventRounds "7"]
[EventCountry "GER"]
[SourceTitle "EXT 2022"]
[Source "ChessBase"]
[SourceDate "2021.10.06"]
[SourceVersion "1"]
[SourceVersionDate "2021.10.06"]
[SourceQuality "1"]

1. e4 g6 2. d4 Bg7 3. c4 d6 4. Nc3 Nf6 5. Be3 0-0 6. f3 Nbd7 7. Nge2 e5 8. d5 a5 9. Qd2 Nc5 10. g4 Bxg4 11. fxg4 Nfxe4 12. Nxe4 Nxe4 13. Qc2 Qh4+ 14. Ng3 Nxg3 15. Qf2 Qxg4 16. hxg3 h5 17. Be2 Qd7 1/2-1/2

[Event "Hannover Ihme Cup"]
[Site "Hannover"]
[Date "2016.05.21"]
[Round "3"]
[White "Knoke, Tobias"]
[Black "Hoffmann, Lukas"]
[Result "0-1"]
[WhiteElo "2022"]
[BlackElo "2270"]
[PlyCount "82"]
[EventDate "2016.05.20"]
[EventType "swiss"]
[EventRounds "5"]
[EventCountry "GER"]
[SourceTitle "CBM 189 Extra"]
[Source "ChessBase"]
[SourceDate "2019.06.03"]
[SourceVersion "1"]
[SourceVersionDate "2019.06.03"]
[SourceQuality "1"]

1. c4 Nf6 2. g3 e6 3. Bg2 d5 4. Nf3 dxc4 5. Na3 Bxa3 6. bxa3 b5 7. Rb1 a6 8. a4 Bb7 9. Ba3 Nbd7 10. Qc1 Be4 11. Ra1 c5 12. 0-0 0-0 13. Bb2 Nb6 14. axb5 axb5 15. Rd1 Na4 16. d3 cxd3 17. exd3 Bd5 18. Be5 Qe7 19. Qf4 Rfc8 20. Qh4 Qd8 21. Rdc1 Nd7 22. Qxd8+ Rxd8 23. Bd6 Ra6 24. Be7 Rda8 25. Ne1 Bxg2 26. Kxg2 f6 27. d4 cxd4 28. Nd3 Nc3 29. a3 Kf7 30. Bb4 Nd5 31. Rab1 e5 32. Nc5 Nxc5 33. Bxc5 Nc3 34. Rb3 Rc6 35. Bb4 Rac8 36. Ba5 Ke6 37. Kf1 e4 38. Ke1 f5 39. Ra1 d3 40. Rb2 g5 41. Kd2 Nd5 0-1

[Event "Niedersachsen-ch"]
[Site "Verden"]
[Date "2016.01.06"]
[Round "7"]
[White "Prenzler, Daniel"]
[Black "Hoffmann, Lukas"]
[Result "1/2-1/2"]
[WhiteElo "2211"]
[BlackElo "2269"]
[PlyCount "37"]
[EventDate "2016.01.03"]
[EventType "swiss"]
[EventRounds "7"]
[EventCountry "GER"]
[SourceTitle "EXT 2018"]
[Source "ChessBase"]
[SourceDate "2017.10.13"]
[SourceVersion "1"]
[SourceVersionDate "2017.10.13"]
[SourceQuality "1"]

1. e4 c6 2. d4 d5 3. Nd2 dxe4 4. Nxe4 Bf5 5. Ng3 Bg6 6. Nf3 e6 7. h4 h6 8. h5 Bh7 9. Bd3 Bxd3 10. Qxd3 Qc7 11. Bd2 Nd7 12. 0-0-0 0-0-0 13. Rh4 Ngf6 14. Bf4 Bd6 15. Bxd6 Qxd6 16. Ne4 Nxe4 17. Qxe4 Qd5 18. Qxd5 cxd5 19. Ne5 1/2-1/2

[Event "Hannover Ihme Cup"]
[Site "Hannover"]
[Date "2015.05.10"]
[Round "4"]
[White "Hoffmann, Lukas"]
[Black "Luebeck, Stephan"]
[Result "1/2-1/2"]
[WhiteElo "2243"]
[BlackElo "2097"]
[PlyCount "60"]
[EventDate "2015.05.08"]
[EventType "swiss"]
[EventRounds "5"]
[EventCountry "GER"]
[SourceTitle "EXT 2021"]
[Source "ChessBase"]
[SourceDate "2020.10.23"]
[SourceVersion "1"]
[SourceVersionDate "2020.10.23"]
[SourceQuality "1"]

1. d4 g6 2. e4 Bg7 3. Nf3 d6 4. Bc4 Nc6 5. 0-0 Nf6 6. Qe2 e5 7. d5 Ne7 8. Bb5+ Nd7 9. c4 0-0 10. Nc3 f5 11. Ng5 Nf6 12. c5 fxe4 13. cxd6 cxd6 14. Ncxe4 Nxe4 15. Nxe4 a6 16. Bc4 b5 17. Bb3 Nf5 18. Bg5 Nd4 19. Qd2 Qd7 20. f3 a5 21. Be3 a4 22. Bd1 Bb7 23. Qb4 Bxd5 24. Qxd6 Qxd6 25. Nxd6 Rad8 26. Ne4 Bxe4 27. fxe4 Rxf1+ 28. Kxf1 Rc8 29. Rc1 Rxc1 30. Bxc1 Kf7 1/2-1/2

[Event "Hannover Ihme Cup"]
[Site "Hannover"]
[Date "2015.05.09"]
[Round "2"]
[White "Hoffmann, Lukas"]
[Black "Schulz, Daniel"]
[Result "1-0"]
[WhiteElo "2243"]
[BlackElo "1941"]
[PlyCount "79"]
[EventDate "2015.05.08"]
[EventType "swiss"]
[EventRounds "5"]
[EventCountry "GER"]
[SourceTitle "EXT 2021"]
[Source "ChessBase"]
[SourceDate "2020.10.23"]
[SourceVersion "1"]
[SourceVersionDate "2020.10.23"]
[SourceQuality "1"]

1. Nf3 Nf6 2. c4 b6 3. Nc3 Bb7 4. Qc2 c5 5. e4 Nc6 6. d3 g6 7. g3 Bg7 8. Bg2 0-0 9. 0-0 Ne8 10. Bg5 Nc7 11. Qd2 Re8 12. Bh6 Bh8 13. Nh4 Ne6 14. f4 Ned4 15. Rae1 d6 16. h3 Qd7 17. Kh2 Rab8 18. f5 Ne5 19. Nd5 Bxd5 20. exd5 Bf6 21. fxg6 hxg6 22. Bg5 Bxg5 23. Qxg5 Kg7 24. Rxe5 dxe5 25. Rxf7+ Kxf7 26. Qxg6+ Kf8 27. Qh7 Qd6 28. Ng6+ Qxg6 29. Qxg6 Rbd8 30. Be4 Rd6 31. Qh7 Red8 32. Bg6 Rxg6 33. Qxg6 Rd6 34. Qh7 Rf6 35. Kg2 Ke8 36. Qh8+ Kf7 37. Qh5+ Kf8 38. Qxe5 Nf3 39. Qxf6+ exf6 40. Kxf3 1-0

[Event "Oberliga Nord W 1415"]
[Site "Germany"]
[Date "2015.01.18"]
[Round "5.1"]
[White "Bindrich, Falko"]
[Black "Hoffmann, Lukas"]
[Result "1-0"]
[WhiteElo "2610"]
[BlackElo "2202"]
[PlyCount "67"]
[EventDate "2014.09.22"]
[EventType "team-tourn"]
[EventRounds "9"]
[EventCountry "GER"]
[SourceTitle "EXT 2016"]
[Source "ChessBase"]
[SourceDate "2015.10.08"]
[SourceVersion "1"]
[SourceVersionDate "2015.10.08"]
[SourceQuality "1"]
[WhiteTeam "Lueneburg Turm"]
[BlackTeam "Lister Turm"]
[WhiteTeamCountry "GER"]
[BlackTeamCountry "GER"]

1. Nf3 Nf6 2. c4 e6 3. g3 d5 4. Bg2 dxc4 5. Qa4+ Nbd7 6. Qxc4 c5 7. 0-0 a6 8. Qb3 Rb8 9. a4 b5 10. d3 Bd6 11. axb5 axb5 12. Nc3 Qb6 13. Ng5 0-0 14. Be3 Bb7 15. Bxb7 Qxb7 16. Ra5 c4 17. Qd1 Qc6 18. Nf3 b4 19. Nb5 Bc5 20. Nbd4 Qc7 21. Rxc5 Nxc5 22. Bf4 Qb7 23. Bxb8 Rxb8 24. dxc4 b3 25. Nb5 Qa8 26. Qd4 Nb7 27. Ne5 Rd8 28. Qe3 Qa2 29. Nc6 Rd7 30. Ne5 Rd8 31. Nd3 h5 32. h3 Rc8 33. Rc1 Na5 34. Nc3 1-0

[Event "Niedersachsen-ch"]
[Site "Verden"]
[Date "2015.01.04"]
[Round "6"]
[White "Hoffmann, Lukas"]
[Black "Grigorian, Spartak"]
[Result "0-1"]
[WhiteElo "2202"]
[BlackElo "2291"]
[PlyCount "147"]
[EventDate "2015.01.02"]
[EventType "swiss"]
[EventRounds "7"]
[EventCountry "GER"]
[SourceTitle "EXT 2018"]
[Source "ChessBase"]
[SourceDate "2017.10.13"]
[SourceVersion "1"]
[SourceVersionDate "2017.10.13"]
[SourceQuality "1"]

1. Nf3 Nf6 2. c4 e6 3. g3 d5 4. Bg2 dxc4 5. Qa4+ Nbd7 6. Qxc4 c5 7. Qb3 Rb8 8. a4 b6 9. d3 Bd6 10. Na3 a6 11. Nc4 Bc7 12. Bf4 0-0 13. Nd6 Nd5 14. Bg5 f6 15. Bh3 Ne5 16. Nxc8 Nxf3+ 17. exf3 Qxc8 18. Bd2 Qd7 19. 0-0 Qf7 20. f4 e5 21. Bg2 Rbd8 22. fxe5 Bxe5 23. Rac1 Rd6 24. a5 Rfd8 25. Bxd5 Qxd5 26. Qxd5+ Rxd5 27. axb6 Rb8 28. Be3 Bd6 29. Rfd1 Rxb6 30. d4 Rb5 31. dxc5 Rxd1+ 32. Rxd1 Bxc5 33. Bxc5 Rxc5 34. Rd7 Rb5 35. Ra7 a5 36. h4 h5 37. Kg2 Kh7 38. Kf3 Kg6 39. Ra8 Kf5 40. Ra7 g6 41. Ra6 Ke5 42. Kg2 Kf5 43. Kg1 g5 44. hxg5 fxg5 45. Rd6 Ke4 46. Rd2 Rd5 47. f3+ Ke5 48. Re2+ Kf5 49. Kf2 Rb5 50. Kg2 a4 51. Kf2 Rb4 52. Rc2 h4 53. gxh4 gxh4 54. Ke3 Rb3+ 55. Kf2 Rb4 56. Ke3 h3 57. Kf2 Kf4 58. Re2 Rc4 59. Rd2 h2 60. Kg2 Ke3 61. Rd8 Rc2+ 62. Kh1 Rxb2 63. Re8+ Kd3 64. Ra8 Ra2 65. f4 Kc3 66. f5 Kb3 67. f6 Rf2 68. Rb8+ Ka2 69. Rb6 a3 70. Re6 Kb3 71. Rb6+ Kc4 72. Re6 a2 73. Re1 Rxf6 74. Ra1 0-1

[Event "Niedersachsen-ch"]
[Site "Verden"]
[Date "2015.01.03"]
[Round "3"]
[White "Hoffmann, Lukas"]
[Black "Plischki, Sebastian"]
[Result "0-1"]
[WhiteElo "2202"]
[BlackElo "2391"]
[PlyCount "82"]
[EventDate "2015.01.02"]
[EventType "swiss"]
[EventRounds "7"]
[EventCountry "GER"]
[SourceTitle "EXT 2018"]
[Source "ChessBase"]
[SourceDate "2017.10.13"]
[SourceVersion "1"]
[SourceVersionDate "2017.10.13"]
[SourceQuality "1"]

1. Nf3 Nf6 2. c4 g6 3. g3 Bg7 4. Bg2 0-0 5. 0-0 d6 6. d4 Nc6 7. Nc3 a6 8. Bf4 Rb8 9. Rc1 h6 10. b3 g5 11. d5 gxf4 12. dxc6 fxg3 13. hxg3 b6 14. Nd4 b5 15. cxb5 e5 16. Nc2 axb5 17. Nb4 h5 18. Qd3 Bh6 19. Rcd1 Ng4 20. e4 h4 21. Ncd5 hxg3 22. fxg3 Kg7 23. Rf5 Bxf5 24. exf5 Qg5 25. Be4 Ra8 26. Kg2 f6 27. Qxb5 Rab8 28. Qc4 Qe3 29. Qc2 Rh8 30. Nxe3 Nxe3+ 31. Kf3 Nxc2 32. Nxc2 Rb5 33. b4 Ra8 34. a3 Rbb8 35. Ke2 Bg5 36. Rb1 Rh8 37. b5 Rh2+ 38. Kd3 d5 39. Bh1 e4+ 40. Kc3 Bd2+ 41. Kd4 Ba5 0-1

[Event "Niedersachsen-ch"]
[Site "Verden"]
[Date "2015.01.02"]
[Round "2"]
[White "Hoffmann, Lukas"]
[Black "Prenzler, Daniel"]
[Result "1/2-1/2"]
[WhiteElo "2202"]
[BlackElo "2222"]
[PlyCount "25"]
[EventDate "2015.01.02"]
[EventType "swiss"]
[EventRounds "7"]
[EventCountry "GER"]
[SourceTitle "EXT 2018"]
[Source "ChessBase"]
[SourceDate "2017.10.13"]
[SourceVersion "1"]
[SourceVersionDate "2017.10.13"]
[SourceQuality "1"]

1. Nf3 d5 2. b3 Bg4 3. Ne5 Bh5 4. g3 Nd7 5. Nxd7 Qxd7 6. Bb2 c6 7. Bg2 Nf6 8. d3 e6 9. 0-0 Bd6 10. Qd2 Qe7 11. e4 dxe4 12. dxe4 e5 13. a4 1/2-1/2

[Event "Oberliga Nord W 1314"]
[Site "Germany"]
[Date "2014.04.06"]
[Round "9.2"]
[White "Hoffmann, Lukas"]
[Black "Mueer, Sebastian"]
[Result "1/2-1/2"]
[WhiteElo "2185"]
[BlackElo "2202"]
[PlyCount "149"]
[EventDate "2013.10.13"]
[EventType "team-tourn"]
[EventRounds "9"]
[EventCountry "GER"]
[SourceTitle "EXT 2015"]
[Source "ChessBase"]
[SourceDate "2014.11.20"]
[SourceVersion "1"]
[SourceVersionDate "2014.11.20"]
[SourceQuality "1"]
[WhiteTeam "Lister Turm"]
[BlackTeam "Oldenburg Union"]
[WhiteTeamCountry "GER"]
[BlackTeamCountry "GER"]

1. Nf3 Nf6 2. c4 c5 3. g3 b6 4. Bg2 Bb7 5. 0-0 e6 6. d4 cxd4 7. Qxd4 d6 8. Nc3 a6 9. Rd1 Be7 10. b3 Nbd7 11. e4 Qc8 12. Bb2 0-0 13. Rac1 Re8 14. Rd2 Bf8 15. Rcd1 Qc7 16. Ba3 Nc5 17. e5 dxe5 18. Qxe5 Qxe5 19. Nxe5 Bxg2 20. Bxc5 Bxc5 21. Kxg2 b5 22. cxb5 Bb4 23. Rd3 axb5 24. Nxb5 Rxa2 25. Nd6 Bxd6 26. Rxd6 Nd5 27. Rd3 Re2 28. Nc6 Kf8 29. Rf3 Nf6 30. b4 Rb2 31. Rdd3 Ra8 32. Rb3 Raa2 33. b5 Nd5 34. Ne5 f6 35. Nc4 Rxb3 36. Rxb3 Ra8 37. Kf3 Ke7 38. Ne3 Nb6 39. Rc3 Rb8 40. Rb3 Kd6 41. Ke4 Rb7 42. Rc3 Na4 43. Rc6+ Kd7 44. Rc4 Nb6 45. Rc2 Nc8 46. Rd2+ Ke7 47. h4 Nd6+ 48. Kf3 Rxb5 49. Ra2 Rb7 50. Ra6 Nb5 51. Ra2 Rd7 52. Rb2 Nd4+ 53. Kg2 g6 54. Ra2 Nc6 55. Rc2 Nb4 56. Rb2 Nd5 57. Re2 Nc3 58. Rc2 Ne4 59. Kf3 Nd2+ 60. Ke2 Ne4 61. Kf3 Nd6 62. Ra2 Nb5 63. Rb2 Nd4+ 64. Kg2 h5 65. Ra2 Nb5 66. Rb2 Nc3 67. Rc2 Nd5 68. Re2 Nxe3+ 69. Rxe3 g5 70. hxg5 fxg5 71. Re4 Kf6 72. Rb4 Rh7 73. Rb8 h4 74. gxh4 Rxh4 75. Rf8+ 1/2-1/2

[Event "Oberliga Nord W 1314"]
[Site "Germany"]
[Date "2014.03.16"]
[Round "8.2"]
[White "Schreiner, Till"]
[Black "Hoffmann, Lukas"]
[Result "1/2-1/2"]
[WhiteElo "2301"]
[BlackElo "2185"]
[PlyCount "66"]
[EventDate "2013.10.13"]
[EventType "team-tourn"]
[EventRounds "9"]
[EventCountry "GER"]
[SourceTitle "EXT 2015"]
[Source "ChessBase"]
[SourceDate "2014.11.20"]
[SourceVersion "1"]
[SourceVersionDate "2014.11.20"]
[SourceQuality "1"]
[WhiteTeam "Lueneburg Turm"]
[BlackTeam "Lister Turm"]
[WhiteTeamCountry "GER"]
[BlackTeamCountry "GER"]

1. d4 d5 2. c4 dxc4 3. Nf3 Nf6 4. e3 Be6 5. Nc3 Nc6 6. Ng5 Bg4 7. f3 Bh5 8. Bxc4 h6 9. Nge4 Nxe4 10. Nxe4 e5 11. Qb3 Bb4+ 12. Kf2 Qh4+ 13. g3 Qe7 14. a3 f5 15. Nc3 Bxc3 16. Qxb7 Kd7 17. d5 Na5 18. Bb5+ Kd6 19. Qa6+ c6 20. bxc3 Qb7 21. Qxb7 Nxb7 22. Bxc6 Rab8 23. a4 a6 24. a5 Nc5 25. Ba3 Rb3 26. Rhc1 Rxa3 27. Rxa3 Nd3+ 28. Ke2 Nxc1+ 29. Kd2 Bxf3 30. Kxc1 Bxd5 31. Ba4 Kc5 32. Bc2 e4 33. Ra4 Rb8 1/2-1/2

[Event "Nord West Cup 16th"]
[Site "Bad Zwischenahn"]
[Date "2014.01.25"]
[Round "3.4"]
[White "Hoffmann, Lukas"]
[Black "Epishin, Vladimir"]
[Result "0-1"]
[WhiteElo "2188"]
[BlackElo "2548"]
[PlyCount "71"]
[EventDate "2014.01.23"]
[EventType "swiss"]
[EventRounds "7"]
[EventCountry "GER"]
[SourceTitle "EXT 2022"]
[Source "ChessBase"]
[SourceDate "2021.10.06"]
[SourceVersion "1"]
[SourceVersionDate "2021.10.06"]
[SourceQuality "1"]

1. d4 Nf6 2. Nf3 d6 3. g3 c5 4. c4 cxd4 5. Nxd4 Qc7 6. Bg2 a6 7. 0-0 e6 8. Bg5 Nbd7 9. Qa4 Be7 10. Bxf6 Bxf6 11. Rd1 0-0 12. Nc3 Nb6 13. Qa5 Qc5 14. Nb3 Nxc4 15. Nxc5 Nxa5 16. N5e4 Bxc3 17. Nxc3 Rd8 18. Na4 Nc6 19. Rac1 d5 20. Nb6 Rb8 21. f4 f5 22. e4 fxe4 23. Bxe4 Bd7 24. f5 Be8 25. Bg2 exf5 26. Rxd5 g6 27. Re1 Kg7 28. b3 Rxd5 29. Bxd5 Rd8 30. Re2 g5 31. Kf2 Bh5 32. Re3 f4 33. gxf4 gxf4 34. Re4 Na5 35. Re7+ Kf6 36. Rxb7 0-1